Yo-Kai Watch 2 All Charming Tribe Yo-kai - Statistics

General Stats
  • This quiz has been taken 8 times
  • The average score is 41 of 61
Answer Stats
Picture Answer % Correct
Baku
100%
Buchinyan
100%
Grapenyan
100%
Jetnyan
100%
Jibanyan
100%
Jibanyan S
100%
Kiwinyan
100%
Komajiro
100%
Komajiro S
100%
Komasan
100%
Komasan S
100%
Leggly
100%
Oranyan
100%
Pupsicle
100%
Robokapp
100%
Rubinyan
100%
Sailornyan
100%
Sapphinyan
100%
Walkappa
100%
Baddinyan
80%
Cadin
80%
Damona
80%
Dianyan
80%
Komane
80%
Master Nyada
80%
Melonyan
80%
Robokoma
80%
Shmoopie
80%
Swelterrier
80%
Topanyan
80%
Watermelnyan
80%
Appak
60%
Emenyan
60%
Faux Kappa
60%
Frostina
60%
Nekidspeed
60%
Pinkipoo
60%
Strawbnyan
60%
Thornyan
60%
Tigappa
60%
Bakulia
40%
Blizzaria
40%
Cadable
40%
Dazzabel
40%
Drizzelda
40%
Harry Barry
40%
Jibakoma
40%
Jumbelina
40%
Komiger
40%
Pookivil
40%
Singcada
40%
Skelebella
40%
Spoilerina
40%
Supyo
40%
Wondernyan
40%
Boyclops
20%
Chilhuahua
20%
Panja Pro
20%
Panja Pupil
20%
Rattelle
20%
Whapir
20%
No matching quizzes found
Score Distribution
Percent of People with Each Score
Percentile by Number Answered
Your Score History
You have not taken this quiz